[Event "World Chess Olympiad 2018"]
[Site "Batumi"]
[Date "2018.10.02"]
[Round "8"]
[Board "4"]
[WhiteFideId "4500458"]
[White "Sirosh Ilja"]
[BlackFideId "4300033"]
[Black "Cheng Bobby"]
[Result "1/2-1/2"]
[LiveChessVersion "1.4.8"]
[BlackElo "2507"]
[WhiteElo "2380"]

1. Nf3 {[%clk 1:30:57]} d5 {[%clk 1:26:04]} 2. c4 {[%clk 1:31:21]} e6
{[%clk 1:25:34]} 3. g3 {[%clk 1:31:44]} Nf6 {[%clk 1:22:59]} 4. Bg2
{[%clk 1:32:09]} dxc4 {[%clk 1:21:52]} 5. Qa4+ {[%clk 1:32:20]} Nbd7
{[%clk 1:18:32]} 6. Qxc4 {[%clk 1:32:38]} c5 {[%clk 1:18:58]} 7. Qb3
{[%clk 1:32:52]} Bd6 {[%clk 1:07:46]} 8. d3 {[%clk 1:30:50]} Rb8 {[%clk 1:05:28]}
9. a4 {[%clk 1:30:40]} b6 {[%clk 1:00:28]} 10. Na3 {[%clk 1:30:49]} a6
{[%clk 1:00:55]} 11. Nc4 {[%clk 1:30:52]} Bc7 {[%clk 1:01:09]} 12. Bd2
{[%clk 1:31:13]} Bb7 {[%clk 0:59:38]} 13. O-O {[%clk 1:31:24]} O-O
{[%clk 1:00:04]} 14. Qa3 {[%clk 1:30:33]} Nd5 {[%clk 0:48:29]} 15. e4
{[%clk 1:22:54]} Ne7 {[%clk 0:41:54]} 16. b4 {[%clk 1:21:53]} b5 {[%clk 0:37:15]}
17. axb5 {[%clk 1:16:24]} axb5 {[%clk 0:37:41]} 18. Na5 {[%clk 1:15:28]} Bxa5
{[%clk 0:34:34]} 19. Qxa5 {[%clk 1:14:42]} Nc6 {[%clk 0:32:54]} 20. Qxb5
{[%clk 0:31:00]} Nxb4 {[%clk 0:29:07]} 21. Qc4 {[%clk 0:29:30]} Qe7
{[%clk 0:20:28]} 22. Bxb4 {[%clk 0:13:56]} cxb4 {[%clk 0:20:53]} 23. Rfb1
{[%clk 0:14:22]} Rfc8 {[%clk 0:20:22]} 24. Qd4 {[%clk 0:11:33]} e5
{[%clk 0:19:39]} 25. Qb2 {[%clk 0:11:13]} Rc3 {[%clk 0:16:06]} 26. Rd1
{[%clk 0:08:52]} Qc5 {[%clk 0:13:51]} 27. d4 {[%clk 0:07:46]} exd4
{[%clk 0:13:24]} 28. Rxd4 {[%clk 0:07:35]} Bc6 {[%clk 0:13:10]} 29. Rad1
{[%clk 0:04:42]} Nf8 {[%clk 0:13:37]} 30. Ne1 {[%clk 0:04:34]} Ba4
{[%clk 0:10:12]} 31. Rd5 {[%clk 0:04:54]} Bxd1 {[%clk 0:09:29]} 32. Rxc5
{[%clk 0:05:23]} Rxc5 {[%clk 0:09:54]} 33. Nd3 {[%clk 0:04:15]} Rc3
{[%clk 0:05:15]} 34. Bf1 {[%clk 0:03:27]} Ba4 {[%clk 0:05:23]} 35. Qa1
{[%clk 0:01:31]} Ra3 {[%clk 0:04:01]} 36. Qe5 {[%clk 0:01:43]} Re8
{[%clk 0:00:41]} 37. Qc5 {[%clk 0:01:43]} Rxe4 {[%clk 0:00:39]} 38. Nxb4
{[%clk 0:02:12]} Ra1 {[%clk 0:00:39]} 39. Kg2 {[%clk 0:02:09]} Ree1
{[%clk 0:00:34]} 40. Bc4 {[%clk 0:30:36]} Bd7 {[%clk 0:30:34]} 41. Nd3
{[%clk 0:22:18]} Re8 {[%clk 0:25:19]} 42. Ne5 {[%clk 0:18:10]} Be6
{[%clk 0:24:07]} 43. Bxe6 {[%clk 0:17:43]} Nxe6 {[%clk 0:23:45]} 44. Qc6
{[%clk 0:17:25]} Rea8 {[%clk 0:22:38]} 45. h4 {[%clk 0:17:02]} R1a7
{[%clk 0:20:22]} 46. Qb6 {[%clk 0:13:03]} Re7 {[%clk 0:15:48]} 47. Qd6
{[%clk 0:12:39]} Rc7 {[%clk 0:14:24]} 48. Nc6 {[%clk 0:09:56]} Kh8
{[%clk 0:13:15]} 49. Ne5 {[%clk 0:09:11]} Kg8 {[%clk 0:12:51]} 50. Nc6
{[%clk 0:09:35]} Rb7 {[%clk 0:10:15]} 51. Qd5 {[%clk 0:09:47]} Re8
{[%clk 0:09:24]} 52. Ne5 {[%clk 0:09:33]} Rc7 {[%clk 0:09:46]} 53. Qb5
{[%clk 0:08:02]} Rd8 {[%clk 0:09:27]} 54. Qb3 {[%clk 0:07:22]} Rdc8
{[%clk 0:09:30]} 55. Qd5 {[%clk 0:07:02]} Nf8 {[%clk 0:08:59]} 56. Kh3
{[%clk 0:05:08]} Ng6 {[%clk 0:09:08]} 57. Nf3 {[%clk 0:04:57]} Rc5
{[%clk 0:08:56]} 58. Qb7 {[%clk 0:05:09]} h6 {[%clk 0:08:44]} 59. Kg2
{[%clk 0:05:04]} R5c7 {[%clk 0:08:46]} 60. Qd5 {[%clk 0:05:23]} Re8
{[%clk 0:08:47]} 61. Qb5 {[%clk 0:05:16]} Rce7 {[%clk 0:08:23]} 62. Nd4
{[%clk 0:05:20]} Re5 {[%clk 0:08:35]} 63. Qd7 {[%clk 0:05:14]} Nf8
{[%clk 0:07:25]} 64. Qc6 {[%clk 0:05:31]} Nh7 {[%clk 0:04:08]} 65. Nf3
{[%clk 0:05:02]} R5e6 {[%clk 0:03:57]} 66. Qb5 {[%clk 0:04:47]} Nf6
{[%clk 0:03:55]} 67. Qa4 {[%clk 0:03:36]} Re4 {[%clk 0:04:00]} 68. Qc6
{[%clk 0:03:53]} R4e6 {[%clk 0:04:18]} 69. Qa4 {[%clk 0:04:13]} Re2
{[%clk 0:04:38]} 70. Qc4 {[%clk 0:02:59]} Rb2 {[%clk 0:04:18]} 71. Ng1
{[%clk 0:02:14]} h5 {[%clk 0:03:43]} 72. Qd4 {[%clk 0:02:00]} Ra2
{[%clk 0:03:46]} 73. Qc4 {[%clk 0:02:21]} Rea8 {[%clk 0:04:05]} 74. Nh3
{[%clk 0:01:49]} Ng4 {[%clk 0:04:32]} 75. Qe4 {[%clk 0:00:43]} g6
{[%clk 0:04:33]} 76. Qc6 {[%clk 0:00:37]} Rd8 {[%clk 0:04:30]} 77. Qc7
{[%clk 0:00:41]} Rda8 {[%clk 0:03:01]} 78. Qc6 {[%clk 0:00:53]} Rd8
{[%clk 0:01:39]} 79. Qc7 {[%clk 0:01:19]} Re8 {[%clk 0:02:05]} 80. Qc6
{[%clk 0:00:56]} Rae2 {[%clk 0:00:38]} 81. Kg1 {[%clk 0:01:00]} Rd8
{[%clk 0:00:39]} 82. Qc7 {[%clk 0:01:10]} Ra8 {[%clk 0:00:35]} 83. Qc6
{[%clk 0:01:24]} Rb8 {[%clk 0:00:46]} 84. Qc7 {[%clk 0:01:40]} Rf8
{[%clk 0:00:33]} 85. Qc4 {[%clk 0:01:51]} Rb2 {[%clk 0:00:44]} 86. Qc3
{[%clk 0:01:54]} Rfb8 {[%clk 0:00:56]} 87. Qc7 {[%clk 0:02:06]} Ra8
{[%clk 0:00:40]} 88. Qc6 {[%clk 0:02:34]} Rf8 {[%clk 0:00:36]} 89. Qc3
{[%clk 0:02:55]} Rbb8 {[%clk 0:00:38]} 90. Ng5 {[%clk 0:01:22]} Rfc8
{[%clk 0:00:46]} 91. Qf3 {[%clk 0:01:26]} Rc7 {[%clk 0:00:56]} 92. Qd3
{[%clk 0:01:02]} Re8 {[%clk 0:00:47]} 93. Kg2 {[%clk 0:01:07]} Rce7
{[%clk 0:01:01]} 94. Qc4 {[%clk 0:01:13]} Rf8 {[%clk 0:01:20]} 95. Kg1
{[%clk 0:01:24]} Re1+ {[%clk 0:01:30]} 96. Kg2 {[%clk 0:01:48]} Re5
{[%clk 0:01:56]} 97. Qc3 {[%clk 0:01:30]} Ra8 {[%clk 0:01:32]} 98. Qb3
{[%clk 0:00:36]} Rf5 {[%clk 0:01:29]} 99. Nh3 {[%clk 0:01:00]} Rd8
{[%clk 0:01:40]} 100. Qc3 {[%clk 0:01:13]} Re8 {[%clk 0:01:36]} 101. Qd3
{[%clk 0:00:53]} Rf6 {[%clk 0:01:41]} 102. Nf4 {[%clk 0:00:58]} Ra8
{[%clk 0:01:13]} 103. Qc4 {[%clk 0:01:04]} Rf5 {[%clk 0:01:24]} 104. Kg1
{[%clk 0:01:10]} Rd8 {[%clk 0:01:38]} 105. Qc3 {[%clk 0:01:20]} Kh7
{[%clk 0:01:36]} 106. Kg2 {[%clk 0:01:40]} Rb8 {[%clk 0:01:03]} 107. Kg1
{[%clk 0:01:44]} Rbb5 {[%clk 0:00:57]} 108. Qd4 {[%clk 0:01:19]} Ra5
{[%clk 0:00:52]} 109. Qc4 {[%clk 0:01:28]} Rac5 {[%clk 0:00:56]} 110. Qb3
{[%clk 0:01:32]} Rf6 {[%clk 0:00:48]} 111. Kg2 {[%clk 0:01:47]} Rcf5
{[%clk 0:01:14]} 112. Qc4 {[%clk 0:01:51]} Rd6 {[%clk 0:00:45]} 113. Qc3
{[%clk 0:02:06]} Nf6 {[%clk 0:00:34]} 114. Qc4 {[%clk 0:02:00]} Rd7
{[%clk 0:00:48]} 115. Kg1 {[%clk 0:01:52]} Re7 {[%clk 0:00:36]} 116. Kg2
{[%clk 0:02:07]} Rfe5 {[%clk 0:00:45]} 117. Kg1 {[%clk 0:02:08]} Ng4
{[%clk 0:00:47]} 118. Kg2 {[%clk 0:02:26]} Rf5 {[%clk 0:00:36]} 119. Kg1
{[%clk 0:02:33]} Rb7 {[%clk 0:00:47]} 120. Qc3 {[%clk 0:02:52]} Rfb5
{[%clk 0:00:49]} 121. Kg2 {[%clk 0:02:55]} Rb2 {[%clk 0:00:59]} 122. Nh3
{[%clk 0:03:20]} Rb8 {[%clk 0:00:47]} 123. Kg1 {[%clk 0:03:30]} R2b7
{[%clk 0:02:29]} 124. Ng5+ {[%clk 0:03:38]} Kg8 {[%clk 0:02:53]} 125. Qc4
{[%clk 0:03:22]} Rf8 {[%clk 0:01:42]} 1/2-1/2

[Event "World Chess Olympiad 2018"]
[Site "Batumi"]
[Date "2018.10.02"]
[Round "8"]
[Board "2"]
[WhiteFideId "108049"]
[White "Flores Diego"]
[BlackFideId "3702308"]
[Black "Vazquez Guillermo"]
[Result "1-0"]
[LiveChessVersion "1.4.8"]
[BlackElo "2468"]
[WhiteElo "2621"]

1. d4 {[%clk 1:30:10]} Nf6 {[%clk 1:30:44]} 2. c4 {[%clk 1:30:05]} e6
{[%clk 1:30:54]} 3. Nc3 {[%clk 1:29:37]} Bb4 {[%clk 1:31:07]} 4. e3
{[%clk 1:29:25]} O-O {[%clk 1:31:05]} 5. Nge2 {[%clk 1:28:32]} d5
{[%clk 1:29:22]} 6. a3 {[%clk 1:28:50]} Be7 {[%clk 1:29:42]} 7. cxd5
{[%clk 1:28:46]} Nxd5 {[%clk 1:29:59]} 8. g3 {[%clk 1:25:32]} Nxc3
{[%clk 1:29:19]} 9. Nxc3 {[%clk 1:25:29]} c5 {[%clk 1:29:32]} 10. dxc5
{[%clk 1:14:05]} Qxd1+ {[%clk 1:25:52]} 11. Kxd1 {[%clk 1:14:26]} Bxc5
{[%clk 1:22:29]} 12. Bg2 {[%clk 1:14:35]} Nd7 {[%clk 1:15:13]} 13. Kc2
{[%clk 0:58:58]} Nf6 {[%clk 1:08:44]} 14. h3 {[%clk 0:46:12]} Rb8
{[%clk 1:04:52]} 15. Rd1 {[%clk 0:40:48]} b5 {[%clk 0:59:50]} 16. g4
{[%clk 0:33:25]} h6 {[%clk 0:55:52]} 17. b4 {[%clk 0:25:06]} Be7 {[%clk 0:55:41]}
18. Bb2 {[%clk 0:25:27]} Bb7 {[%clk 0:54:17]} 19. Bxb7 {[%clk 0:25:42]} Rxb7
{[%clk 0:54:43]} 20. Kb3 {[%clk 0:26:00]} a6 {[%clk 0:42:45]} 21. Rac1
{[%clk 0:24:03]} Rd8 {[%clk 0:39:52]} 22. Rxd8+ {[%clk 0:15:06]} Bxd8
{[%clk 0:40:20]} 23. Rd1 {[%clk 0:11:23]} Be7 {[%clk 0:39:15]} 24. f4
{[%clk 0:11:09]} Rc7 {[%clk 0:34:10]} 25. g5 {[%clk 0:05:15]} hxg5
{[%clk 0:26:19]} 26. fxg5 {[%clk 0:05:44]} Nd7 {[%clk 0:26:12]} 27. Ne4
{[%clk 0:06:13]} Nb6 {[%clk 0:26:09]} 28. Be5 {[%clk 0:02:46]} Rc4
{[%clk 0:25:55]} 29. Bd4 {[%clk 0:02:40]} Nd5 {[%clk 0:26:09]} 30. Nd2
{[%clk 0:02:55]} Rc6 {[%clk 0:21:17]} 31. Nf3 {[%clk 0:03:24]} f6
{[%clk 0:15:50]} 32. g6 {[%clk 0:03:46]} Kf8 {[%clk 0:13:44]} 33. h4
{[%clk 0:03:55]} a5 {[%clk 0:12:02]} 34. bxa5 {[%clk 0:03:52]} Bd8
{[%clk 0:10:19]} 35. e4 {[%clk 0:04:04]} Ne7 {[%clk 0:10:25]} 36. Bc3
{[%clk 0:02:23]} Ke8 {[%clk 0:10:39]} 37. h5 {[%clk 0:02:41]} e5 {[%clk 0:10:02]}
38. Bb4 {[%clk 0:02:01]} Ra6 {[%clk 0:09:17]} 39. Nh4 {[%clk 0:02:14]} Ra7
{[%clk 0:07:07]} 40. Bc5 {[%clk 0:31:11]} Ra6 {[%clk 0:37:31]} 41. Rg1
{[%clk 0:27:00]} 1-0

[Event "World Chess Olympiad 2018"]
[Site "Batumi"]
[Date "2018.10.02"]
[Round "8"]
[Board "3"]
[WhiteFideId "2209381"]
[White "Franco Ocampos Zenon"]
[BlackFideId "110973"]
[Black "Pichot Alan"]
[Result "1/2-1/2"]
[LiveChessVersion "1.4.8"]
[BlackElo "2562"]
[WhiteElo "2486"]

1. c4 {[%clk 1:30:55]} g6 {[%clk 1:30:21]} 2. g3 {[%clk 1:28:58]} Bg7
{[%clk 1:30:34]} 3. Bg2 {[%clk 1:29:24]} e5 {[%clk 1:28:37]} 4. Nc3
{[%clk 1:29:39]} Ne7 {[%clk 1:28:29]} 5. e4 {[%clk 1:29:34]} d6 {[%clk 1:26:21]}
6. Nge2 {[%clk 1:29:44]} Nbc6 {[%clk 1:26:25]} 7. d3 {[%clk 1:30:08]} O-O
{[%clk 1:24:35]} 8. O-O {[%clk 1:29:33]} a6 {[%clk 1:23:58]} 9. Nd5
{[%clk 1:22:45]} f5 {[%clk 1:12:28]} 10. Be3 {[%clk 1:16:37]} h6 {[%clk 1:08:30]}
11. d4 {[%clk 1:03:49]} g5 {[%clk 1:02:59]} 12. Nxe7+ {[%clk 1:01:06]} Qxe7
{[%clk 0:58:47]} 13. d5 {[%clk 0:51:37]} f4 {[%clk 0:55:08]} 14. dxc6
{[%clk 0:51:16]} bxc6 {[%clk 0:50:12]} 15. Bd2 {[%clk 0:39:20]} f3
{[%clk 0:48:48]} 16. Bh1 {[%clk 0:39:04]} fxe2 {[%clk 0:31:45]} 17. Qxe2
{[%clk 0:39:29]} Bh3 {[%clk 0:32:03]} 18. Rfd1 {[%clk 0:37:45]} Qe6
{[%clk 0:27:30]} 19. c5 {[%clk 0:32:08]} d5 {[%clk 0:23:43]} 20. b4
{[%clk 0:29:48]} d4 {[%clk 0:21:40]} 21. Be1 {[%clk 0:26:13]} Bg4
{[%clk 0:15:49]} 22. f3 {[%clk 0:26:34]} Bh5 {[%clk 0:16:14]} 23. g4
{[%clk 0:26:18]} Bf7 {[%clk 0:16:33]} 24. Bg2 {[%clk 0:26:30]} Rfb8
{[%clk 0:14:07]} 25. Bf1 {[%clk 0:26:18]} h5 {[%clk 0:11:46]} 26. h3
{[%clk 0:26:34]} Bf6 {[%clk 0:11:43]} 27. Qc2 {[%clk 0:23:17]} Kg7
{[%clk 0:10:58]} 28. Rd3 {[%clk 0:21:11]} a5 {[%clk 0:07:29]} 29. bxa5
{[%clk 0:20:12]} Qc4 {[%clk 0:07:51]} 30. Rd2 {[%clk 0:17:57]} Qxc2
{[%clk 0:06:03]} 31. Rxc2 {[%clk 0:18:23]} Be7 {[%clk 0:06:08]} 32. Kf2
{[%clk 0:15:33]} h4 {[%clk 0:05:42]} 33. Bd3 {[%clk 0:09:43]} 1/2-1/2

[Event "World Chess Olympiad 2018"]
[Site "Batumi"]
[Date "2018.10.02"]
[Round "8"]
[Board "4"]
[WhiteFideId "117927"]
[White "Perez Ponsa Federico"]
[BlackFideId "3701166"]
[Black "Almiron Antonio"]
[Result "1/2-1/2"]
[LiveChessVersion "1.4.8"]
[BlackElo "2358"]
[WhiteElo "2548"]

1. e4 {[%clk 1:30:57]} c6 {[%clk 1:30:46]} 2. d4 {[%clk 1:31:21]} d5
{[%clk 1:31:12]} 3. e5 {[%clk 1:31:32]} c5 {[%clk 1:31:24]} 4. dxc5
{[%clk 1:31:40]} e6 {[%clk 1:31:48]} 5. Qg4 {[%clk 1:31:38]} h5 {[%clk 1:31:47]}
6. Qf4 {[%clk 1:32:02]} Bxc5 {[%clk 1:31:36]} 7. Bd3 {[%clk 1:31:33]} Nc6
{[%clk 1:28:03]} 8. Nf3 {[%clk 1:31:08]} Qc7 {[%clk 1:18:03]} 9. Nc3
{[%clk 1:24:33]} a6 {[%clk 1:18:19]} 10. O-O {[%clk 1:22:42]} Nge7
{[%clk 1:17:30]} 11. Na4 {[%clk 1:10:48]} Ba7 {[%clk 1:17:44]} 12. Be3
{[%clk 1:10:53]} d4 {[%clk 1:14:50]} 13. Bxd4 {[%clk 1:07:36]} Bxd4
{[%clk 1:04:59]} 14. Nxd4 {[%clk 1:07:59]} Qxe5 {[%clk 1:05:25]} 15. Qxe5
{[%clk 1:07:37]} Nxe5 {[%clk 1:05:47]} 16. Nb6 {[%clk 1:03:54]} Rb8
{[%clk 1:06:04]} 17. Be2 {[%clk 1:01:56]} Nd7 {[%clk 1:06:27]} 18. Nc4
{[%clk 1:01:45]} g6 {[%clk 0:57:21]} 19. Nd6+ {[%clk 0:58:03]} Kf8
{[%clk 0:57:19]} 20. Rad1 {[%clk 0:57:33]} Nf6 {[%clk 0:56:35]} 21. Nf3
{[%clk 0:53:05]} Ne8 {[%clk 0:56:07]} 22. Nc4 {[%clk 0:44:35]} Nc6
{[%clk 0:50:18]} 23. Nb6 {[%clk 0:43:21]} Ke7 {[%clk 0:50:27]} 24. Ng5
{[%clk 0:41:35]} Nc7 {[%clk 0:48:46]} 25. Bf3 {[%clk 0:33:08]} Ne5
{[%clk 0:48:00]} 26. Be2 {[%clk 0:29:06]} f6 {[%clk 0:43:47]} 27. Ne4
{[%clk 0:28:18]} Na8 {[%clk 0:43:53]} 28. Nc4 {[%clk 0:25:17]} Nxc4
{[%clk 0:41:11]} 29. Bxc4 {[%clk 0:25:46]} Nb6 {[%clk 0:41:21]} 30. Bb3
{[%clk 0:26:02]} Bd7 {[%clk 0:41:40]} 31. Rfe1 {[%clk 0:24:01]} Rbc8
{[%clk 0:41:59]} 32. c3 {[%clk 0:18:39]} Rhd8 {[%clk 0:41:55]} 33. Nd6
{[%clk 0:14:12]} Rc7 {[%clk 0:38:55]} 34. Rd4 {[%clk 0:13:50]} Na4
{[%clk 0:29:17]} 35. Bxa4 {[%clk 0:06:23]} 1/2-1/2

[Event "World Chess Olympiad 2018"]
[Site "Batumi"]
[Date "2018.10.02"]
[Round "8"]
[Board "1"]
[WhiteFideId "14403803"]
[White "Kadric Denis"]
[BlackFideId "5901871"]
[Black "Michaelides Konstantinos"]
[Result "1-0"]
[LiveChessVersion "1.4.8"]
[BlackElo "2209"]
[WhiteElo "2543"]

1. e4 {[%clk 1:30:58]} c5 {[%clk 1:30:41]} 2. Nc3 {[%clk 1:31:20]} Nc6
{[%clk 1:30:37]} 3. Bb5 {[%clk 1:29:53]} g6 {[%clk 1:29:00]} 4. Bxc6
{[%clk 1:30:11]} dxc6 {[%clk 1:28:06]} 5. f4 {[%clk 1:30:37]} Bg7
{[%clk 1:27:33]} 6. Nf3 {[%clk 1:31:05]} Bg4 {[%clk 1:25:25]} 7. O-O
{[%clk 1:31:15]} e6 {[%clk 1:24:31]} 8. e5 {[%clk 1:27:07]} Qe7 {[%clk 1:16:02]}
9. Ne4 {[%clk 1:26:47]} O-O-O {[%clk 1:15:26]} 10. d3 {[%clk 1:25:55]} f6
{[%clk 1:13:00]} 11. Qe1 {[%clk 1:25:12]} Bxf3 {[%clk 1:05:00]} 12. Rxf3
{[%clk 1:25:30]} Kb8 {[%clk 1:04:35]} 13. a4 {[%clk 1:20:54]} f5 {[%clk 0:50:53]}
14. Nd2 {[%clk 1:19:16]} Nh6 {[%clk 0:48:24]} 15. Nc4 {[%clk 1:19:41]} Nf7
{[%clk 0:47:55]} 16. a5 {[%clk 1:19:12]} g5 {[%clk 0:46:05]} 17. Rb1
{[%clk 1:10:32]} gxf4 {[%clk 0:42:53]} 18. Bxf4 {[%clk 1:10:59]} Bh6
{[%clk 0:40:01]} 19. Bg3 {[%clk 1:11:13]} Ng5 {[%clk 0:38:58]} 20. Rf1
{[%clk 1:11:31]} Rhg8 {[%clk 0:38:11]} 21. Kh1 {[%clk 1:11:57]} Qd7
{[%clk 0:32:19]} 22. b4 {[%clk 1:10:55]} Bf8 {[%clk 0:27:29]} 23. bxc5
{[%clk 1:05:14]} Bxc5 {[%clk 0:27:32]} 24. Rxf5 {[%clk 1:05:05]} Qd5
{[%clk 0:25:12]} 25. Rf4 {[%clk 1:02:42]} Rdf8 {[%clk 0:17:45]} 26. Rxf8+
{[%clk 1:00:34]} Rxf8 {[%clk 0:18:05]} 27. Qe2 {[%clk 1:01:03]} Rf7
{[%clk 0:09:25]} 28. h4 {[%clk 0:58:12]} Nh3 {[%clk 0:08:23]} 29. Rf1
{[%clk 0:57:20]} Rg7 {[%clk 0:05:57]} 30. Kh2 {[%clk 0:55:07]} Ng1
{[%clk 0:04:09]} 31. Qe1 {[%clk 0:53:39]} Qd4 {[%clk 0:03:41]} 32. Rf4
{[%clk 0:52:53]} Qd8 {[%clk 0:02:28]} 33. Bf2 {[%clk 0:51:49]} Bxf2
{[%clk 0:00:39]} 34. Qxf2 {[%clk 0:52:09]} 1-0

[Event "World Chess Olympiad 2018"]
[Site "Batumi"]
[Date "2018.10.02"]
[Round "8"]
[Board "2"]
[WhiteFideId "5900328"]
[White "Constantinou Pavlos"]
[BlackFideId "14400049"]
[Black "Dizdarevic Emir"]
[Result "1/2-1/2"]
[LiveChessVersion "1.4.8"]
[BlackElo "2444"]
[WhiteElo "2114"]

1. d4 {[%clk 1:30:57]} Nf6 {[%clk 1:30:52]} 2. g3 {[%clk 1:31:02]} d5
{[%clk 1:27:13]} 3. Bg2 {[%clk 1:31:20]} c6 {[%clk 1:26:50]} 4. Nf3
{[%clk 1:31:28]} Bf5 {[%clk 1:26:47]} 5. c4 {[%clk 1:29:23]} e6 {[%clk 1:27:09]}
6. O-O {[%clk 1:29:12]} Nbd7 {[%clk 1:25:48]} 7. Nbd2 {[%clk 1:23:22]} h6
{[%clk 1:24:07]} 8. b3 {[%clk 1:17:15]} Be7 {[%clk 1:19:32]} 9. Bb2
{[%clk 1:16:20]} O-O {[%clk 1:19:52]} 10. Ne5 {[%clk 1:15:24]} a5
{[%clk 1:16:03]} 11. a3 {[%clk 1:07:03]} Bh7 {[%clk 1:13:27]} 12. Re1
{[%clk 1:01:03]} Nxe5 {[%clk 1:07:10]} 13. dxe5 {[%clk 1:01:27]} Nd7
{[%clk 1:07:33]} 14. e4 {[%clk 1:01:12]} Nc5 {[%clk 1:06:09]} 15. Qc2
{[%clk 0:30:17]} dxe4 {[%clk 0:59:18]} 16. Bxe4 {[%clk 0:27:15]} Nxe4
{[%clk 0:57:28]} 17. Nxe4 {[%clk 0:27:39]} Qb6 {[%clk 0:57:53]} 18. Qc3
{[%clk 0:24:43]} Bxe4 {[%clk 0:57:49]} 19. Rxe4 {[%clk 0:25:03]} Rfd8
{[%clk 0:58:07]} 20. Ree1 {[%clk 0:13:31]} Bc5 {[%clk 0:55:13]} 21. Qc2
{[%clk 0:13:10]} Rd7 {[%clk 0:54:24]} 22. Red1 {[%clk 0:12:51]} Rad8
{[%clk 0:54:35]} 23. Rxd7 {[%clk 0:12:51]} Rxd7 {[%clk 0:54:57]} 24. Bc3
{[%clk 0:12:47]} g6 {[%clk 0:46:41]} 25. Kg2 {[%clk 0:09:50]} Kg7
{[%clk 0:45:45]} 26. h4 {[%clk 0:10:12]} h5 {[%clk 0:44:58]} 27. a4
{[%clk 0:08:01]} Qd8 {[%clk 0:43:52]} 28. Re1 {[%clk 0:08:10]} Rd3
{[%clk 0:40:22]} 29. Re2 {[%clk 0:08:15]} Bb4 {[%clk 0:40:08]} 30. Bxb4
{[%clk 0:06:50]} axb4 {[%clk 0:40:32]} 31. Re3 {[%clk 0:06:55]} Rd1
{[%clk 0:34:32]} 32. Qe4 {[%clk 0:06:29]} Rd7 {[%clk 0:27:16]} 33. Qf3
{[%clk 0:05:40]} Rd4 {[%clk 0:24:21]} 34. Re4 {[%clk 0:05:18]} Rd3
{[%clk 0:23:14]} 35. Re3 {[%clk 0:05:40]} Rd2 {[%clk 0:23:08]} 36. Qf4
{[%clk 0:04:51]} Rd4 {[%clk 0:21:15]} 37. Re4 {[%clk 0:05:09]} Rd1
{[%clk 0:13:20]} 38. Re3 {[%clk 0:04:46]} 1/2-1/2

[Event "World Chess Olympiad 2018"]
[Site "Batumi"]
[Date "2018.10.02"]
[Round "8"]
[Board "3"]
[WhiteFideId "14402661"]
[White "Marjanovic Dejan"]
[BlackFideId "5900077"]
[Black "Savva Panikos"]
[Result "1-0"]
[LiveChessVersion "1.4.8"]
[BlackElo "2062"]
[WhiteElo "2382"]

1. Nf3 {[%clk 1:30:50]} Nf6 {[%clk 1:30:47]} 2. d4 {[%clk 1:29:59]} g6
{[%clk 1:30:56]} 3. Nc3 {[%clk 1:29:28]} d5 {[%clk 1:30:41]} 4. Bf4
{[%clk 1:29:14]} Bg7 {[%clk 1:27:15]} 5. Nb5 {[%clk 1:28:39]} Na6
{[%clk 1:27:15]} 6. a4 {[%clk 1:28:24]} O-O {[%clk 1:26:19]} 7. c3
{[%clk 1:25:58]} c6 {[%clk 1:25:22]} 8. Na3 {[%clk 1:26:14]} Nc7 {[%clk 1:22:54]}
9. h3 {[%clk 1:26:15]} Nce8 {[%clk 1:21:51]} 10. e3 {[%clk 1:24:46]} Nd6
{[%clk 1:21:27]} 11. Be2 {[%clk 1:24:39]} Nd7 {[%clk 1:17:42]} 12. O-O
{[%clk 1:24:17]} Re8 {[%clk 1:16:25]} 13. c4 {[%clk 1:22:52]} dxc4
{[%clk 1:04:29]} 14. Nxc4 {[%clk 1:20:40]} Nxc4 {[%clk 1:04:36]} 15. Bxc4
{[%clk 1:21:01]} Nb6 {[%clk 1:01:14]} 16. Bb3 {[%clk 1:19:40]} Nd5
{[%clk 0:58:50]} 17. Bg3 {[%clk 1:15:50]} h6 {[%clk 0:56:06]} 18. a5
{[%clk 1:09:10]} a6 {[%clk 0:54:57]} 19. e4 {[%clk 1:06:55]} Nf6 {[%clk 0:49:46]}
20. Re1 {[%clk 1:04:26]} e6 {[%clk 0:47:17]} 21. Ne5 {[%clk 1:01:02]} Nd7
{[%clk 0:34:54]} 22. Nc4 {[%clk 0:59:51]} e5 {[%clk 0:24:18]} 23. Nd6
{[%clk 0:50:40]} Rf8 {[%clk 0:23:51]} 24. Re3 {[%clk 0:50:27]} Qe7
{[%clk 0:16:18]} 25. dxe5 {[%clk 0:47:03]} Bxe5 {[%clk 0:09:57]} 26. Bxe5
{[%clk 0:46:15]} Nxe5 {[%clk 0:07:12]} 27. f4 {[%clk 0:46:08]} Nd7
{[%clk 0:07:29]} 28. e5 {[%clk 0:45:59]} Nc5 {[%clk 0:07:13]} 29. Qd4
{[%clk 0:43:41]} Nxb3 {[%clk 0:07:05]} 30. Rxb3 {[%clk 0:44:01]} Rb8
{[%clk 0:06:51]} 31. Rg3 {[%clk 0:32:32]} Kh7 {[%clk 0:05:14]} 32. Rf1
{[%clk 0:32:56]} Be6 {[%clk 0:03:25]} 33. f5 {[%clk 0:23:26]} Bxf5
{[%clk 0:03:02]} 34. Rxf5 {[%clk 0:18:43]} gxf5 {[%clk 0:03:27]} 35. Nxf5
{[%clk 0:18:50]} Qe6 {[%clk 0:01:59]} 36. Ng7 {[%clk 0:09:49]} Qd5
{[%clk 0:01:01]} 37. Qf4 {[%clk 0:09:28]} Rg8 {[%clk 0:00:48]} 38. Qf5+
{[%clk 0:09:29]} Kh8 {[%clk 0:01:12]} 39. Qf6 {[%clk 0:09:47]} Kh7
{[%clk 0:01:25]} 40. Kh2 {[%clk 0:38:14]} Qd8 {[%clk 0:30:50]} 41. Qxf7
{[%clk 0:38:18]} 1-0

[Event "World Chess Olympiad 2018"]
[Site "Batumi"]
[Date "2018.10.02"]
[Round "8"]
[Board "4"]
[WhiteFideId "5900360"]
[White "Georgiou Andreas"]
[BlackFideId "14407701"]
[Black "Burovic Rijad"]
[Result "0-1"]
[LiveChessVersion "1.4.8"]
[BlackElo "2380"]
[WhiteElo "1868"]

1. d4 {[%clk 1:30:44]} Nf6 {[%clk 1:30:06]} 2. c4 {[%clk 1:30:36]} g6
{[%clk 1:30:30]} 3. Nc3 {[%clk 1:30:47]} Bg7 {[%clk 1:30:54]} 4. e4
{[%clk 1:30:54]} d6 {[%clk 1:31:18]} 5. Nf3 {[%clk 1:30:57]} O-O {[%clk 1:31:41]}
6. Be2 {[%clk 1:30:59]} e5 {[%clk 1:31:51]} 7. d5 {[%clk 1:30:59]} a5
{[%clk 1:32:02]} 8. O-O {[%clk 1:30:50]} h6 {[%clk 1:25:20]} 9. Rb1
{[%clk 1:29:08]} Na6 {[%clk 1:24:34]} 10. b3 {[%clk 1:29:13]} Nc5
{[%clk 1:24:14]} 11. Nd2 {[%clk 1:29:23]} Bd7 {[%clk 1:18:56]} 12. a3
{[%clk 1:18:03]} b6 {[%clk 1:17:48]} 13. b4 {[%clk 1:15:11]} Nb7 {[%clk 1:16:24]}
14. Nb3 {[%clk 1:12:37]} a4 {[%clk 1:15:38]} 15. Na1 {[%clk 0:59:30]} Ne8
{[%clk 1:07:38]} 16. Nc2 {[%clk 0:58:49]} f5 {[%clk 1:07:00]} 17. Ne1
{[%clk 0:55:51]} Nf6 {[%clk 1:01:59]} 18. h3 {[%clk 0:40:54]} f4 {[%clk 0:53:22]}
19. Nf3 {[%clk 0:35:27]} Qe8 {[%clk 0:42:34]} 20. Nh2 {[%clk 0:25:12]} h5
{[%clk 0:40:43]} 21. Bd2 {[%clk 0:19:33]} g5 {[%clk 0:32:51]} 22. f3
{[%clk 0:12:09]} Rf7 {[%clk 0:30:51]} 23. Nb5 {[%clk 0:09:26]} Bc8
{[%clk 0:29:45]} 24. Nc3 {[%clk 0:03:59]} Bf8 {[%clk 0:29:58]} 25. Kf2
{[%clk 0:04:09]} Rg7 {[%clk 0:28:00]} 26. g4 {[%clk 0:02:30]} fxg3+
{[%clk 0:27:48]} 27. Kxg3 {[%clk 0:02:49]} Qd7 {[%clk 0:27:36]} 28. Ng4
{[%clk 0:01:54]} hxg4 {[%clk 0:27:52]} 29. fxg4 {[%clk 0:02:20]} Nh5+
{[%clk 0:27:46]} 30. gxh5 {[%clk 0:01:27]} Qxh3+ {[%clk 0:27:00]} 31. Kf2
{[%clk 0:01:45]} g4 {[%clk 0:24:48]} 32. Rh1 {[%clk 0:01:00]} Rf7+
{[%clk 0:25:01]} 33. Bf4 {[%clk 0:00:41]} Rxf4+ {[%clk 0:24:42]} 0-1